¿Serás tú el Líder qué Dios necesita? / (Record no. 28139)

MARC details
000 -LEADER
campo de control de longitud fija 00656ntaaa2200217 4500
003 - IDENTIFICADOR DE NÚMERO DE CONTROL
campo de control 01
005 - FECHA Y HORA DE LA ÚLTIMA TRANSACCIÓN
campo de control 20251027203252.0
008 - DATOS DE LONGITUD FIJA--INFORMACIÓN GENERAL
campo de control de longitud fija 0714s1973 ag 01
020 ## - NÚMERO INTERNACIONAL ESTÁNDAR DEL LIBRO
Número Internacional Estándar del Libro 1560630175
040 ## - FUENTE DE CATALOGACIÓN
Centro catalogador/agencia de origen AR-BaBN
Lengua de catalogación spa
Centro/agencia transcriptor AR-BaBN
Normas de descripción aacr
Centro/agencia modificador RIC
082 ## - NÚMERO DE LA CLASIFICACIÓN DECIMAL DEWEY
Número de clasificación 253.2 Ov1
100 ## - ENTRADA PRINCIPAL--NOMBRE DE PERSONA
Nombre de persona Ovando, Jorge
9 (RLIN) 8
245 ## - MENCIÓN DEL TÍTULO
Título ¿Serás tú el Líder qué Dios necesita? /
Mención de responsabilidad, etc. Jorge Ovando
250 ## - MENCION DE EDICION
Mención de edición 1ª ed.
260 ## - PUBLICACIÓN, DISTRIBUCIÓN, ETC.
Lugar de publicación, distribución, etc. Miami :
Nombre del editor, distribuidor, etc. Unilit,
Fecha de publicación, distribución, etc. 1990
300 ## - DESCRIPCIÓN FÍSICA
Extensión 111 p. ;
Dimensiones 16 cm
490 ## - MENCIÓN DE SERIE
Mención de serie Guía de Bolsillo
500 ## - NOTA GENERAL
Nota general Cualidades que deben acompañar a la persona que ha de ser usada por Dios para influenciar a otros positivamente
650 ## - PUNTO DE ACCESO ADICIONAL DE MATERIA--TÉRMINO DE MATERIA
Término de materia o nombre geográfico como elemento de entrada LIDERAZGO
9 (RLIN) 1127
942 ## - ELEMENTOS DE ENTRADA SECUNDARIOS (KOHA)
Tipo de ítem Koha Colección General
Holdings
Estatus retirado Estado de pérdida Estado de daño No para préstamo Biblioteca de origen Biblioteca actual Fecha de adquisición Número de inventario Total de préstamos Signatura topográfica completa Código de barras Visto por última vez Precio de reemplazo Tipo de ítem Koha
        Biblioteca Pluis Biblioteca Pluis 27/10/2025 042988   253.2 Ov1 042988 27/10/2025 27/10/2025 Colección General